Word Vocabulary - PS - Statistics

General Stats
  • This quiz has been taken 136 times
  • The average score is 3 of 5
Answer Stats
word % Correct
psych
88%
psalm
77%
psi
69%
pseud
36%
pshaw
11%
No matching quizzes found
Score Distribution
Percent of People with Each Score
Percentile by Number Answered
Your Score History
You have not taken this quiz